Je niečo viac než fľaša na stole

Bibliographic Details
Main Author: Kadlecová, Jana (Author)
Format: Article
Language:Slovak
PhysicalDescription:Fotogr.
ISSN:1335-440X
Subjects:

MARC

LEADER 00000nab a2200000 a 4500
001 vtls008963018
003 SK-MaSNL
005 20260303070738.0
008 140512c20070330xo dr|p|||||||000 b|slo
015 |a SNBRB2007/04  |2 snkbucl 
038 |a SNKBUCL 
040 |a SNKBUCL  |b slo  |c SNKBUCL  |e AACR2 
041 |a slo 
044 |a xo  |c SK 
080 |a 791.079  |2 2001 
080 |a 791.44.071.1  |2 2001 
100 1 |a Kadlecová, Jana  |4 aut  |9 520879 
245 1 0 |a Je niečo viac než fľaša na stole  |c Jana Kadlecová 
300 |b Fotogr. 
600 1 7 |a Piesiewicz, Krzysztof  |x návšteva  |2 snkbucl  |9 1068581 
611 2 7 |a Febiofest  |n (14. :  |d 2007 :  |c Slovensko)  |2 snkbucl  |9 1064581 
650 0 7 |a poľská kinematografia  |2 snkbucl  |9 998453 
773 0 |t Sme. Práca  |g Roč. 15, č. 75 (30.3.2007)  |x 1335-440X 
773 0 |t Kultúra  |g S. 21 
852 |a SNK  |b KIS3GCP 
958 |a SK 
958 |a PL 
999 |c 1756748  |d 1758678